Statistiques concernant Pays produisant le plus de fraises

Cliquez ici pour prendre le quiz!

Statistiques générales

  • Ce quiz a été pris 114 fois
  • Le résultat moyen est 15 sur 20

Statistiques - réponses

1000 tonnespays% Correct
59France
99%
3717Chine
97%
360Espagne
96%
1449Etats-Unis
95%
125Italie
94%
135Allemagne
87%
176Russie
85%
658Mexique
84%
59Grèce
81%
159Japon
78%
162Maroc
76%
400Turquie
76%
128Royaume-Uni
73%
178Pologne
65%
66Pays-Bas
61%
210Corée du Sud
54%
56Iran
51%
407Égypte
48%
59Colombie
39%
80Biélorussie
15%

Distribution des résultats

Percentile par nombre de réponses

% des personnes avec chaque résultat

Votre développement - résultats

Vous n’avez pas pris ce quiz